000 02115nam a2200397 i 4500
001 193209
003 SpMaBN
005 20250804062654.0
007 ta
008 231004s2010 sp | |||| 000 f spa
017 _aB 38278-2010
_bOficina Depósito Legal Barcelona
020 _a9788401339028
035 _a(OCoLC)688401821
035 _aa4856587
040 _aSpMaBN
_bspa
_cSpMaBN
_erdc
_dES-MaACL
080 _a821.134.2-31"19"
100 1 _aMartín Garzo, Gustavo,
_d1948-
_0XX859249
_9234309
_eaut
245 1 0 _aTan cerca del aire /
_cGustavo Martín Garzo
250 _aPrimera edición: octubre, 2010
260 _a[Barcelona] :
_bPlaza & Janés,
_c2010
300 _a301 p. ;
_c24 cm
336 _2rdacontent
_aTexto
337 _2rdamedia
_asin mediación
338 _2rdacarrier
_avolumen
500 _aÍndice
520 _aDespués de quedar huérfano, Jonás, el joven cartero de un pueblo, lleva una vida solitaria y melancólica. Pero un día conoce a doña Paula, una enigmática mujer que mantuvo hace tiempo una intensa relación con sus padres. Vencida por el peso de los recuerdos, doña Paula rompe su silencio tras muchos años y desmadeja ante él la historia de cómo el padre del joven conoció a una bella y delicada muchacha muda y cómo entre ambos surgió un amor teñido de pasiones ancestrales e instintos olvidados. Lo que Jonás todavía no sabe es que ese conocimiento lo llevará a descubrir su verdadera identidad y lo arrastrará a un mundo donde la naturaleza y el deseo se entremezclan y confunden.
586 _aIX Premio de Novela Ciudad de Torrevieja, 2010
655 0 _aNovelas
_9234319
852 _aES-MaACL
_bR.154617
_9200590
_jN-9374
_cDEPOJ
_xEncuadernación cartoné con sobrecubiertas
_gDedicatoria autógrafa del autor
_hDonación: Gustavo Martín Garzo
903 _aMartín Garzo, Gustavo,
_d1948-
_ednr
_9234309
942 _n0
_cMONOGRAFIA
999 _c193209
_d193209